000
00311nam a22001337a 4500
999
_c
256702
_d
256701
003
OSt
005
20180219140507.0
008
180219b xxu||||| |||| 00| 0 eng d
040
_c
N/a
100
_a
Eleanor ivanye
245
_a
insects from close up
260
_a
USA
_b
Crowell company
_c
1965
942
_2
lcc
_c
BK